00000000nam 2200000za 4500
0019.822161
003CaOODSP
00520250502131939
007cr |||||||||||
008160808i20052008oncao|| o    f000 0 spa d
040 |aCaOODSP|beng
041 |aspa
043 |an-cn---
0861 |aM34-6/5Spa-PDF
24500|aParticipación de las comunidades aborígenes en la minería, boletín informativo |h[electronic resource] : |bacuerdos de asociación.
250 |a[Spanish edition].
260 |aOttawa : |bNatural Resources Canada. |c[2005]-2008.
300 |av. : |bcol. ill.
500 |aCaption title.
500 |aIssued in English under the title: Aboriginal participation in mining, information bulletin: partnership agreements ; and also in French.
5051 |t[3] Mina de diamantes Diavik, Territorios del Noroeste -- [5] Mina Musselwhite, Ontario -- [6] Mina Raglan, Quebec -- [7] Mina Troilus, Quebec-- [8] Mina de Diamantes Ekati, Territorios del Noroeste -- [9] Proyecto Orca de Arena y Grava, Colombia Británica -- [10] Vale Inco, Terranova y Labrador.
546 |aText in Spanish.
69207|2gccst|aAboriginal peoples
69207|2gccst|aMining industry
69207|2gccst|aPartnerships
7101 |aCanada.|bNatural Resources Canada. |bMinerals and Metals Sector.
74002|aMina de diamantes Diavik, Territorios del Noroeste
74002|aMina Musselwhite, Ontario
74002|aMina Raglan, Quebec
74002|aMina Troilus, Quebec
74002|aMina de Diamantes Ekati, Territorios del Noroeste
74002|aProyecto Orca de Arena y Grava, Colombia Británica
74002|aVale Inco, Terranova y Labrador
77508|tAboriginal participation in mining, information bulletin |w(CaOODSP)9.822123
792 |tParticipación de las comunidades aborígenes en la minería, boletín informativo |efre|w(CaOODSP)9.822174
85640|ahttp://publications.gc.ca|qPDF|s263 KB|uhttps://publications.gc.ca/collections/collection_2016/rncan-nrcan/M34-6-5-3-2006-spa.pdf
85640|ahttp://publications.gc.ca|qPDF|s321 KB|uhttps://publications.gc.ca/collections/collection_2016/rncan-nrcan/M34-6-5-5-2007-spa.pdf
85640|ahttp://publications.gc.ca|qPDF|s322 KB|uhttps://publications.gc.ca/collections/collection_2016/rncan-nrcan/M34-6-5-6-2007-spa.pdf
85640|ahttp://publications.gc.ca|qPDF|s315 KB|uhttps://publications.gc.ca/collections/collection_2016/rncan-nrcan/M34-6-5-7-2007-spa.pdf
85640|ahttp://publications.gc.ca|qPDF|s315 KB|uhttps://publications.gc.ca/collections/collection_2016/rncan-nrcan/M34-6-5-8-2008-spa.pdf
85640|ahttp://publications.gc.ca|qPDF|s315 KB|uhttps://publications.gc.ca/collections/collection_2016/rncan-nrcan/M34-6-5-9-2008-spa.pdf
85640|ahttp://publications.gc.ca|qPDF|s305 KB|uhttps://publications.gc.ca/collections/collection_2016/rncan-nrcan/M34-6-5-10-2008-spa.pdf